000 00416nam a2200145 a 4500
001 000031590
005 20240314181436.0
008 110627d1975 dr 000 0 spa d
040 _aDO-SdBNP
_bspa
_cBNPHU
100 1 _aAmiama, Manuel A.
_d1899-1991
_98438
245 1 3 _aLa población de Santo Domingo /
_cManuel A. Amiama.
260 _aSanto Domingo :
_b[UASD],
_c1975.
300 _a23 p. ;
_c22 cm.
049 _aBNPD
999 _c31082
_d31082